000 00472nam a22000977a 4500
100 _aअरिहंत
_94827
245 _aसक्‍सेस मास्‍टर IBPS CRP-X बैंक PO प्रोबेशनरी ऑफिसर/मैनेजमेंट ट्रेनी प्रारम्भिक परीक्षा
260 _aमेरठ
_bअरिहंत पब्लिकेशन
_c2020
650 _aबैंक
_979929
942 _cHIN
999 _c63468
_d63468